|
|
|
|
| LEADER |
01087nam a22002652a 4500 |
| 001 |
000178070 |
| 003 |
CZ BrMZK |
| 005 |
20181214142403.0 |
| 007 |
ta |
| 008 |
950101s1909 xr f cze d |
| 015 |
|
|
|a cnb000574355
|
| 040 |
|
|
|a ABA001
|b cze
|c PNA001
|d ABA001
|d BOA001
|
| 100 |
1 |
|
|a Janovský, František,
|d 1860-1918
|7 jk01051107
|4 aut
|
| 245 |
1 |
0 |
|a Dvanáct ročních měsíců dle víry a obyčejů lidových /
|c Pod. František Janovský
|
| 260 |
|
|
|a Brno :
|b Benediktinská knihtiskárna :
|b Občanská tiskárna,
|c 1909
|
| 300 |
|
|
|a 98, 1 s. ;
|c 8°
|
| 490 |
1 |
|
|a Duchovní knihovna
|
| 490 |
1 |
|
|a Knihovna našeho lidu ;
|v XXIX, 2
|
| 500 |
|
|
|a Dostupné též v digitální podobě v aplikaci Kramerius
|
| 830 |
|
0 |
|a Duchovní knihovna (Benediktinská knihtiskárna : Občanská tiskárna)
|
| 830 |
|
0 |
|a Knihovna našeho lidu (Benediktinská knihtiskárna : Občanská knihtiskárna)
|
| 856 |
4 |
1 |
|u http://www.digitalniknihovna.cz/mzk/uuid/uuid:217494b0-d7a8-11ee-bb18-0050568d319f
|y Digitalizovaný dokument
|x NDK
|
| 910 |
|
|
|a BOA001
|b 1-0240.405
|
| 990 |
|
|
|a BK
|
| 991 |
|
|
|b 201208
|